书目信息 |
| 题名: |
语言障碍评估资源手册
|
|
| 作者: | 希普利 , Shipley , 麦卡菲 , McAfee 著 ;王南梅 译 | |
| 分册: | ||
| 出版信息: | 台北 新加坡商汤姆生亚洲私人有限公司台湾分公司 2007 |
|
| 页数: | 10,532页 | |
| 开本: | 26cm | |
| 丛书名: | 沟通障碍 | |
| 单 册: | ||
| 中图分类: | H018.4 | |
| 科图分类: | ||
| 主题词: | 语言障碍--评估 | |
| 电子资源: | ||
| ISBN: | 978-986-6885-11-2 | |
| 000 | 01314oam2 2200325 450 | |
| 001 | 1530752565 | |
| 005 | 20150201083255.35 | |
| 010 | @a978-986-6885-11-2@dTWD700.00 | |
| 100 | @a20090629d2007 em y0chiy0110 ea | |
| 101 | 1 | @achi@ceng |
| 102 | @aCT@b710000 | |
| 105 | @aa z 000yy | |
| 200 | 1 | @a语言障碍评估资源手册@9Yu Yan Zhang Ai Ping Gu Zi Yuan Shou Ce@fKenneth G. Shipley,Julie G. McAfee著@FKenneth G. Shipley,Julie G. McAfee Zhu@g王南梅译 |
| 210 | @a台北@c新加坡商汤姆生亚洲私人有限公司台湾分公司@d2007 | |
| 215 | @a10,532页@c图@d26cm@e1光盘 | |
| 225 | 2 | @a沟通障碍@v10 |
| 304 | @aKenneth G. Shipley通译:肯尼思·G. 希普利;Julie G. McAfee通译:朱莉·G. 麦卡菲 | |
| 312 | @a封面英文题名:Assessment in speech-language pathology a resource manual | |
| 330 | @a本书共分3篇14章,收集适用各类型语言障碍诊断中实用的资料,包括许多表格、报告范例、快速参考表格等。 | |
| 461 | 0 | @12001 @a沟通障碍 |
| 510 | 1 | @aAssessment in speech-language pathology a resource manual@zeng |
| 606 | 0 | @a语言障碍@x评估 |
| 690 | @aH018.4@v5 | |
| 701 | 1 | @a希普利@9Xi Pu Li@b肯尼思·G.@4著 |
| 701 | 1 | @aShipley@bKenneth G.@4著 |
| 701 | 1 | @a麦卡菲@9Mai Ka Fei@b朱莉·G.@4著 |
| 701 | 1 | @aMcAfee@bJulie G.@4著 |
| 702 | 0 | @a王南梅@9Wang Nan Mei@4译 |
| 801 | 0 | @aCN@bTSSF@c20150201 |
| 905 | @aZUCC@dH018.4@eJY5 | |
| 语言障碍评估资源手册/Kenneth G. Shipley,Julie G. McAfee著/王南梅译.-台北:新加坡商汤姆生亚洲私人有限公司台湾分公司,2007 |
| 10,532页:图;26cm+1光盘.-(沟通障碍;10) |
| ISBN 978-986-6885-11-2:TWD700.00 |
| 本书共分3篇14章,收集适用各类型语言障碍诊断中实用的资料,包括许多表格、报告范例、快速参考表格等。 |
| ● |
| 相关链接 |
|
|
|
|
正题名:语言障碍评估资源手册
索取号:H018.4/JY5
 
预约/预借
| 序号 | 登录号 | 条形码 | 馆藏地/架位号 | 状态 | 备注 |
| 1 | 7864125 | 278641258 | 学院路分馆/ [索取号:H018.4/JY5] | 在馆 |